2025/26 Classifica Serie A - Statistics

Statistiche generali
  • Questo quiz è stato fatto 27 volte
  • Il punteggio medio è 17 su 20
Statistiche sulle risposte
# Punti Team % Corretto
1 86 Inter Milan
100%
2 76 SSC Napoli
96%
3 70 AC Milan
92%
3 73 AS Roma
92%
4 71 Como
88%
6 69 Juventus FC
88%
7 59 Atalanta BC
85%
19 21 Hellas Verona FC
85%
9 54 SS Lazio
85%
10 50 Udinese
85%
11 49 US Sassuolo
85%
8 56 Bologna FC
81%
16 41 Genoa CFC
81%
13 45 Parma
81%
20 18 Pisa SC
81%
12 45 Torino FC
81%
18 34 US Cremonese
81%
15 42 ACF Fiorentina
77%
14 43 Cagliari
77%
17 38 US Lecce
77%
Nessun quiz corrispondente trovato
Distribuzione punteggi
Percentuale di utenti per punteggio
Percentile per numero di risposta
I tuoi punteggi nel tempo
Non hai fatto questo quiz